000 00444nam a2200181Ia 4500
001 22986
005 20260414150907.0
008 260414t2012||||xx |||||||||||||| ||spa||
041 _aESP
082 _a624.1762
_bA53
110 _aAmerican Institute of Steel Construction
245 0 _aSeismic design manual
_b
260 _c2012
300 _avarias paginaciones :
_c24 cm.
650 _a0
654 _aCIC
942 _cLIB
_dJUS
_fJUS
_2ddc
_n
999 _c22986
_d22986